Der Artifex : Künstler im Mittelalter und ihre Selbstdarstellung ; eine illustrierte Anthologie

Literaturverz. S. 667 - 732

Saved in:
Bibliographic Details
Main Author: Legner, Anton (Author)
Document Type: Book
Language:German
Published: Köln : Greven-Verlag , [2009]
Subjects:
Online Access:Inhaltsverzeichnis
Rezension
Rezension
Inhaltstext
Rezension
Related Items:Rezensiert in: [Rezension von: Anton Legner, Der Artifex. Künstler im Mittelalter und ihre Selbstdarstellung. Eine illustrierte Anthologie]
Author Notes:Anton Legner
LEADER 05853cam a2201021 c 4500
001 569643112
003 DE-627
005 20260615231054.0
007 tu
008 080619s2009 gw ||||| 00| ||ger c
015 |a 08,N26,1868  |2 dnb 
015 |a 08,N26,1868  |2 dnb 
016 7 |a 989060934  |2 DE-101 
020 |a 9783774304208  |q Gb iSch. : ca. EUR 98.00  |9 978-3-7743-0420-8 
024 3 |a 9783774304208 
035 |a (DE-627)569643112 
035 |a (DE-603)203251148 
035 |a (DE-576)287057208 
035 |a (DE-599)DNB989060934 
035 |a (OCoLC)723950962 
035 |a (OCoLC)316213201 
035 |a (OCoLC)723950962 
035 |a (OCoLC)460652322 
040 |a DE-627  |b ger  |c DE-627  |e rakwb 
041 |a ger 
044 |c XA-DE-NW 
050 0 |a N7618 
082 0 |a 700  |q BSZ 
082 0 4 |a 700 
084 |a 9,10  |2 ssgn 
084 |a LH 84122  |2 rvk  |0 (DE-625)rvk/95281: 
084 |a LH 84160  |q BVB  |2 rvk  |0 (DE-625)rvk/95285: 
084 |a LH 84180  |q BVB  |2 rvk  |0 (DE-625)rvk/95289: 
084 |a LH 85200  |q BVB  |2 rvk  |0 (DE-625)rvk/95370: 
084 |a LH 60210  |2 rvk  |0 (DE-625)rvk/94180: 
084 |a LH 65600  |2 rvk  |0 (DE-625)rvk/94545: 
084 |a 20.31  |2 bkl 
084 |a 20.10  |2 bkl 
084 |a 20.70  |2 bkl 
100 1 |a Legner, Anton  |d 1928-  |0 (DE-588)124065910  |0 (DE-627)085615188  |0 (DE-576)161942636  |4 aut 
245 1 4 |a Der Artifex  |b Künstler im Mittelalter und ihre Selbstdarstellung ; eine illustrierte Anthologie  |c Anton Legner 
264 1 |a Köln  |b Greven-Verlag  |c [2009] 
300 |a 757 S.  |b zahlr. Ill.  |c 31 cm 
336 |a Text  |b txt  |2 rdacontent 
337 |a ohne Hilfsmittel zu benutzen  |b n  |2 rdamedia 
338 |a Band  |b nc  |2 rdacarrier 
500 |a Literaturverz. S. 667 - 732 
505 8 |a Literaturverzeichnis Seiten 667 - 732 
520 |a Literaturverz. S. 667 - 732 
583 1 |a Archivierung/Langzeitarchivierung gewährleistet  |f SSG  |x XA-DE-BW  |2 pdager  |5 DE-16 
648 7 |a Geschichte 500-1500  |2 gnd 
650 0 7 |0 (DE-588)4006627-7  |0 (DE-627)106376888  |0 (DE-576)208866353  |a Bildnis  |2 gnd 
650 0 7 |0 (DE-588)4054394-8  |0 (DE-627)106162896  |0 (DE-576)209108517  |a Selbstbildnis  |2 gnd 
650 0 7 |0 (DE-588)4114333-4  |0 (DE-627)105822957  |0 (DE-576)209483733  |a Kunst  |2 gnd 
650 0 7 |0 (DE-588)4129108-6  |0 (DE-627)104535474  |0 (DE-576)209607793  |a Mittelalter  |2 gnd 
650 4 |a Art, Medieval 
650 4 |a Artists, Medieval 
650 4 |a Self-portraits 
650 4 |a Künstler 
650 4 |a Selbstdarstellung 
650 4 |a Geschichte 
689 0 0 |d s  |0 (DE-588)4033423-5  |0 (DE-627)106257307  |0 (DE-576)209001941  |a Künstler  |2 gnd 
689 0 1 |d s  |0 (DE-588)4122349-4  |0 (DE-627)10576311X  |0 (DE-576)209550643  |a Selbstdarstellung  |2 gnd 
689 0 2 |a z  |2 gnd  |a Geschichte 500-1500 
689 0 |5 DE-101 
787 0 8 |i Rezensiert in  |a Grandmontagne, Michael  |t [Rezension von: Anton Legner, Der Artifex. Künstler im Mittelalter und ihre Selbstdarstellung. Eine illustrierte Anthologie]  |d 2009  |w (DE-627)1806519119 
856 4 2 |u http://www.gbv.de/dms/weimar/toc/569643112_toc.pdf  |m V:DE-601  |m B:DE-Wim2  |q pdf/application  |x Verlag  |y Inhaltsverzeichnis  |3 Inhaltsverzeichnis  |7 1 
856 4 2 |u https://swbplus.bsz-bw.de/bsz287057208rez.htm  |m B:DE-576;DE-16  |q application/pdf  |v 20120119112537  |x Verlag  |3 Rezension  |7 1 
856 4 2 |u http://www.sehepunkte.de/2012/01/18668.html  |m V:DE-576;X:Sehepunkte  |q text/html  |v 20180413101127  |3 Rezension  |7 1 
856 4 2 |u http://deposit.dnb.de/cgi-bin/dokserv?id=3121746&prov=M&dok_var=1&dok_ext=htm  |m X: MVB  |q text/html  |v 20130501  |x Verlag  |3 Inhaltstext  |7 1 
856 4 2 |u http://scans.hebis.de/HEBCGI/show.pl?20325114_rez.pdf  |m V:DE-576;B:DE-16  |q application/pdf  |3 Rezension  |7 1 
935 |i Blocktest 
936 r v |a LH 84122  |b Mittelalter (-1500)  |k Kunstgeschichte  |k Allgemeines. Allgemeine Kunstgeschichte  |k Kunstgeschichte einzelner Gattungen der Kunst  |k Ikonographie, Ikonologie  |k Weltliche Ikonographie  |k Der Mensch  |k Mittelalter (-1500)  |0 (DE-627)1271121840  |0 (DE-625)rvk/95281:  |0 (DE-576)201121840 
936 r v |a LH 84160  |b Allgemeines  |k Kunstgeschichte  |k Allgemeines. Allgemeine Kunstgeschichte  |k Kunstgeschichte einzelner Gattungen der Kunst  |k Ikonographie, Ikonologie  |k Weltliche Ikonographie  |k Der Mensch  |k Porträt (auch szenisches Bildnis)  |k Allgemeines  |0 (DE-627)1270654047  |0 (DE-625)rvk/95285:  |0 (DE-576)200654047 
936 r v |a LH 84180  |b Allgemeines  |k Kunstgeschichte  |k Allgemeines. Allgemeine Kunstgeschichte  |k Kunstgeschichte einzelner Gattungen der Kunst  |k Ikonographie, Ikonologie  |k Weltliche Ikonographie  |k Der Mensch  |k Die Stände  |k Allgemeines  |0 (DE-627)1271121956  |0 (DE-625)rvk/95289:  |0 (DE-576)201121956 
936 r v |a LH 85200  |b Allgemeine Darstellungen  |k Kunstgeschichte  |k Allgemeines. Allgemeine Kunstgeschichte  |k Porträt, Karikatur (mehrere Gattungen übergreifend)  |k Selbstporträt  |k Allgemeine Darstellungen  |0 (DE-627)1270705199  |0 (DE-625)rvk/95370:  |0 (DE-576)200705199 
936 r v |a LH 60210  |b Mittelalter  |k Kunstgeschichte  |k Allgemeines. Allgemeine Kunstgeschichte  |k Bildende Kunst in Staat und Gesellschaft  |k Kunstsoziologie (sämtlicher oder mehrerer Kunstgattungen) Soziologie des Künstlers  |k Mittelalter  |0 (DE-627)1271071878  |0 (DE-625)rvk/94180:  |0 (DE-576)201071878 
936 r v |a LH 65600  |b Mittelalter insgesamt  |k Kunstgeschichte  |k Allgemeines. Allgemeine Kunstgeschichte  |k Allgemeine Kunstgeschichte: Darstellungen  |k Darstellungen einzelner Epochen  |k Mittlere und neuere Kunstgeschichte  |k Mittelalter  |k Mittelalter insgesamt  |0 (DE-627)1270926780  |0 (DE-625)rvk/94545:  |0 (DE-576)200926780 
936 b k |a 20.31  |j Bildende Künstler  |0 (DE-627)181571080 
936 b k |a 20.10  |j Kunst und Gesellschaft  |0 (DE-627)106406256 
936 b k |a 20.70  |j Europäische Kunst: Allgemeines  |0 (DE-627)106406566 
936 s n |a l300  |2 mzub 
951 |a BO 
990 |a Künstler 
990 |a Selbstdarstellung 
990 |a Geschichte 500-1500 
991 |a Rezensiertes Werk 
999 |a KXP-PPN569643112  |e 416293570X